Las Reformas de los Sistemas de Pensiones en Latinoamérica. Avances y Temas Pendientes / (Registro nro. 6064)

Detalles MARC
000 -LEADER
fixed length control field 01103nam a2200241Ia 4500
003 - CONTROL NUMBER IDENTIFIER
control field OSt
005 - DATE AND TIME OF LATEST TRANSACTION
control field 20200824202934.0
008 - FIXED-LENGTH DATA ELEMENTS--GENERAL INFORMATION
fixed length control field 191128s2010 sp ad gr 000 0 spa d
040 ## - CATALOGING SOURCE
Original cataloging agency Co-JMCR
Transcribing agency Co-JMCR
041 0# - LANGUAGE CODE
Language code of text/sound track or separate title spa
082 04 - DEWEY DECIMAL CLASSIFICATION NUMBER
Classification number 368.43008 /
Item number E748r
Edition number 23
100 1# - MAIN ENTRY--PERSONAL NAME
Personal name Escrivá, José Luis,
Relator term editor
9 (RLIN) 9169
245 14 - TITLE STATEMENT
Title Las Reformas de los Sistemas de Pensiones en Latinoamérica. Avances y Temas Pendientes /
Statement of responsibility, etc. José Luis Escrivá, Eduardo Fuentes, Alicia García Herrero
260 ## - PUBLICATION, DISTRIBUTION, ETC.
Place of publication, distribution, etc. España :
Name of publisher, distributor, etc. BBVA,
Date of publication, distribution, etc. 2010.
300 ## - PHYSICAL DESCRIPTION
Extent 379 páginas :
Other physical details gráficos a color ;
Dimensions 24 cm.
504 ## - BIBLIOGRAPHY, ETC. NOTE
Bibliography, etc. note Bibliografía : páginas 363-379.
505 0# - FORMATTED CONTENTS NOTE
Formatted contents note Balnces de las reformas de pensiones en latinoamérica -- El papel ineludible de las pensiones privadas en los sistemas de ingresos de jubilación -- Reformas al sistema de pensiones en Chile -- Fortalicimiento de los sistemas de pensiones en México
650 24 - SUBJECT ADDED ENTRY--TOPICAL TERM
Topical term or geographic name entry element Sistemas de pensiones
9 (RLIN) 7960
650 24 - SUBJECT ADDED ENTRY--TOPICAL TERM
Topical term or geographic name entry element Reformas pensionales
9 (RLIN) 9170
700 1# - ADDED ENTRY--PERSONAL NAME
Personal name Fuentes, Eduardo,
Relator term editor
9 (RLIN) 9171
700 1# - ADDED ENTRY--PERSONAL NAME
Personal name Gracía Herrero, Alicia,
Relator term editora
9 (RLIN) 9172
942 ## - ADDED ENTRY ELEMENTS (KOHA)
Source of classification or shelving scheme Dewey Decimal Classification
Koha item type Books
Existencias
Withdrawn status Lost status Source of classification or shelving scheme Materials specified (bound volume or other part) Damaged status Not for loan Home library Current library Shelving location Date acquired Source of acquisition Full call number Barcode Date last seen Copy number Price effective from Koha item type
    Dewey Decimal Classification Donación--15/04/2018--     Biblioteca Pública José María del Castillo y Rada Biblioteca Pública José María del Castillo y Rada General Stacks 11/28/2019 Donación 368.43008 / E748r 430011579 05/16/2024 Ej.1 11/28/2019 Books